Orson Scott Card Bibliography - Statistics

General Stats
  • This quiz has been taken 6 times
    2 since last reset
  • The average score is 20 of 315
Answer Stats
Type Year Name % Correct
Novel 1996 Children of the Mind
100%
Novella 1977 Ender's Game
100%
Novel 1985 Ender's Game
100%
Film 2013 Ender's Game
100%
Novel 1999 Ender's Shadow
100%
Novel 2002 Shadow Puppets
100%
Novel 1986 Speaker for the Dead
100%
Novel 1991 Xenocide
100%
Novel 1995 Earthborn
50%
Novel 1995 Earthfall
50%
Novel 1999 Enchantment
50%
Novel 2008 Ender in Exile
50%
Novel 2005 Magic Street
50%
Novel 1996 Pastwatch: The Redemption of Christopher Columbus
50%
Novel 1989 Prentice Alvin
50%
Novel 2004 Rachel and Leah
50%
Novel 2001 Rebekah
50%
Novel 1988 Red Prophet
50%
Comic Book Mini-Series 2006-2008 Red Prophet: The Tales of Alvin Maker
50%
Novel 2000 Sarah
50%
Novel 1987 Seventh Son
50%
Novel 2005 Shadow of the Giant
50%
Novel 2000 Shadow of the Hegemon
50%
Novel 1980 Songmaster
50%
Novel 1992 The Call of Earth
50%
Novel 2003 The Crystal City
50%
Short Story Collection 1989 The Folk of the Fringe
50%
Novel 1992 The Memory of Earth
50%
Novel 1994 The Ships of Earth
50%
Novel 1983 The Worthing Chronicle
50%
Story Collection 1990 The Worthing Saga
50%
Novel 1996 Treasure Box
50%
Short Story 2008 50 WPM
0%
Poem 2004 5 a.m.
0%
Play 1976 Abraham and Isaac
0%
Short Story 1990 A Cross-Country Trip to Kill Richard Nixon
0%
Play 1971 Across Five Summers
0%
Play 2000 A Dixie Christmas Carol
0%
Video Game 2005 Advent Rising
0%
Video Game 2006 Advent Shadow
0%
Biography 1981 Ainge
0%
Poem 2004 All That the Earth Can Yield
0%
Short Story 2014 Alvin and the Apple Tree
0%
Novel 1995 Alvin Journeyman
0%
Video Game TBA Alvin's World
0%
Short Story 1987 America
0%
Short Story 1978 And What Will We Do Tomorrow?
0%
Short Story 2008 Angles
0%
Poetry Collection 2004 An Open Book
0%
Short Story 1981 A Plague of Butterflies
0%
Novel 1979 A Planet Called Treason
0%
Poem 2004 A Poem for Erin's First Christmas
0%
Short Story 1990 A Sepulchre of Songs
0%
Short Story 1979 A Sleep and a Forgetting
0%
Writings Collection 1993 A Storyteller in Zion
0%
Short Story 1978 A Thousand Deaths
0%
Short Story 1992 Atlantis
0%
Novel 2018 A Town Divided by Christmas
0%
Novel 2007 A War of Gifts: An Ender Story
0%
Short Story 2007 A Young Man with Prospects
0%
Poem 2004 Barbarians
0%
Play 1997 Barefoot in Zion
0%
Short Story 1990 Bicicleta
0%
Short Story 1990 Billy's Box
0%
Short Story 1979 Breaking the Game
0%
Poem 2004 Broken Kings
0%
Poem 2004 Browning, Cummings, Tennyson
0%
Play ???? Bubble Gum
0%
Novel TBA Bully and the Beast
0%
Short Story 1978 Burning
0%
Short Story 1990 But We Try Not to Act Like It
0%
Short Story Collection 1979 Capitol
0%
Short Story Collection 1987 Cardography
0%
Non-Fiction Book 1988 Characters and Viewpoint
0%
Short Story 2006 Cheater
0%
Novel 2017 Children of the Fleet
0%
Short Story 2008 Christmas at Helaman's House
0%
Column ???? Civilization Watch
0%
Short Story 1990 Clap Hands and Sing
0%
Play 2004 Clap Hands and Sing
0%
Short Story 1980 Closing the Timelid
0%
Non-Fiction Book 2007 Complete Guide to Writing Science Fiction: Volume One First Contact
0%
Poem 2004 Corn Is the Soil Song
0%
Column 1984 Creating Your Own Games on the VIC and 64
0%
Short Story Collection 1992 Cruel Miracles
0%
Short Story 1990 Damn Fine Novel
0%
Poem 2004 Declaration
0%
Short Story 1980 Deep Breathing Exercises
0%
Poem 2004 Deep Slow Illness
0%
Poem 2004 Dog and Bear
0%
Short Story 1990 Dogwalker
0%
Short Story Collection 2002 Doorways
0%
Short Story 2008 Dust
0%
Novel 2013 Earth Afire
0%
Novel 2014 Earth Awakens
0%
Novel 2012 Earth Unaware
0%
Poem 2004 Echo
0%
Play 1979 Elders and Sisters
0%
Poem 2004 Elves
0%
Novel 2006 Empire
0%
Short Story 2008 Ender in Flight
0%
Audiobook 2013 Ender's Game Alive
0%
Short Story 2008 Ender's Homecoming
0%
Short Story 2007 Ender's Stocking
0%
Omnibus 1991 Ender's War
0%
Short Story 1980 Eumenides in the Fourth Floor Lavatory
0%
TV Show 2017 Extinct
0%
Novella 1987 Eye for Eye
0%
Omnibus 1990 Eye for Eye / Tunesmith
0%
Short Story 1980 Fat Farm
0%
Play 1974 Father, Mother, Mother, and Mom
0%
Poem 2004 Fire at the End of the World
0%
Short Story Collection 2002 First Meetings
0%
Short Story Collection 1992 Flux
0%
Short Story 1990 Follower
0%
Short Story 1990 Freeway Games
0%
Play 1978 Fresh Courage Take
0%
Poem 2004 From a Spirit to the One Possessed
0%
Column ???? Gameplay
0%
Novel 2015 Gatefather
0%
Short Story 2008 Geriatric Ward
0%
Short Story 1977 Gert Fram
0%
Novel 2006 Getting Lost
0%
Short Story 1991 Gloriously Bright
0%
Short Story 2008 God Plays Fair Once Too Often
0%
Short Story 2017 Governor Wiggin
0%
Poem 2004 Grain of the Wood
0%
Poem 2004 Grandfather Is Home from Seattle
0%
Poem 2004 Grandma in the Corner, Dying
0%
Short Story 1998 Grinning Man
0%
Novella 2008 Hamlet's Father
0%
Poem 2004 Hands
0%
Novel 1983 Hart's Hope
0%
Short Story 2008 Heal Thyself
0%
Novel 1998 Heartfire
0%
Poem 2004 He Died of Cystic Fibrosis at 24
0%
Novel 2009 Hidden Empire
0%
Short Story 1990 Hitching
0%
Short Story 1990 Holy
0%
Poem 2004 Holy Moments
0%
Novel 1998 Homebody
0%
Short Story 2008 Homeless in Hell
0%
Poem 2004 Hordes
0%
Novel 1979 Hot Sleep
0%
Poem 2004 How Do You Know You Love Me?
0%
Non-Fiction Book 1990 How to Write Science Fiction and Fantasy
0%
Column ???? Hymns of the Heart
0%
Film 2007 I Am Legend: Shelter
0%
Poem 2004 If I Hadn't Overturned the Stone
0%
Poem 2004 If Jesus Wept
0%
Poem 2004 If Prophecy a Gift?
0%
Poem 2004 I Go Out the Door
0%
Play 1970 In Flight
0%
Short Story 1978 In the Doghouse
0%
Short Story 2008 In the Dragon's House
0%
Poem 2004 In Touch
0%
Novel 2007 Invasive Procedures
0%
Short Story 2008 Inventing Lovers on the Phone
0%
Short Story 1999 Investment Counselor
0%
Poem 2004 In Winter I Wrote Love Poems
0%
Short Story 1980 I Put My Blue Genes On
0%
Short Story 1990 I Think Mom and Dad Are Going Crazy, Jerry
0%
Poem 2004 Jacob Smith of Somerset
0%
Poem 2004 John 4:14, 15
0%
Poem 2004 Judge
0%
Short Story Collection 2008 Keeper of Dreams
0%
Short Story 2008 Keeper of Lost Dreams
0%
Short Story 1978 Killing Children
0%
Short Story 1980 Kingsmeat
0%
Novel 2011 Laddertop: Volume 1
0%
Novel 2013 Laddertop: Volume 2
0%
Poem 2004 Last Supper
0%
Play 1975 Liberty Jail
0%
Short Story 1978 Lifeloop
0%
Play 2004 Lifeloop
0%
Poem 2004 Light and Shade
0%
Non-Fiction Book 1977 Listen, Mom and Dad
0%
Novel 2019 Lost and Found
0%
Short Story 1990 Lost Boys
0%
Novel 1992 Lost Boys
0%
Novel 1994 Lovelock
0%
Poem 2004 Lovers Do
0%
Children's Book 1999 Magic Mirror
0%
Short Story 1990 Malpractice
0%
Poem 2004 Mammon
0%
Short Story Collection 1990 Maps in a Mirror
0%
Novel TBA Master Alvin
0%
Short Story 2005 Mazer in Prison
0%
Short Story 1990 Memories of My Head
0%
Play ???? Merchant of Venice
0%
Short Story 1981 Middle Woman
0%
Short Story 1980 Mikal's Songbird
0%
Short Story 2008 Missed
0%
Short Story Collection 1993 Monkey Sonatas
0%
Short Story 1980 Mortal Gods
0%
Poem 2004 Myrtle Beach
0%
Poem 2004 My Son in Love
0%
Poem 2004 Needle
0%
Short Story 2008 Neighbors
0%
Video Game 1996 NeoHunter
0%
Poem 2004 No Snow White
0%
Book 1982 Notes from a Guardian Angel
0%
Poem 2004 Of a Private History
0%
Play 1974 Of Gideon
0%
Poem 2004 Of My Beloved Son
0%
Poem 2004 O Hurried Guest
0%
Poem 2004 Old House
0%
Poem 2004 Old Mother
0%
Poem 2004 On Another Road
0%
Poem 2004 One Will Be Taken
0%
Poem 2004 Openings
0%
Poem 2004 Outside the Ark
0%
Short Story 1989 Pageant Wagon
0%
Novel TBA Pastwatch: The Flood
0%
Novel TBA Pastwatch: The Garden of Eden
0%
Novel 2010 Pathfinder
0%
Poem 2004 Point Most West
0%
Play 2005 Posing as People
0%
Poem 2004 Potion for Immortality
0%
Poem 2004 Prayer in the ICU
0%
Poem 1989 Prentice Alvin and the No-Good Plow
0%
Short Story 2006 Pretty Boy
0%
Short Story 1990 Prior Restraint
0%
Short Story 1980 Quietus
0%
Play 1977 Rag Mission
0%
Poem 2004 Rapunzel Summons the Prince
0%
Novel TBA Rasputin
0%
Poem 2004 Redeemers
0%
Short Story 2017 Renegat
0%
Book 2003 Robota
0%
Play ???? Romeo and Juliet
0%
Novel 2012 Ruins
0%
Novel 1983 Saints
0%
Pamphlet 1981 Saintspeak
0%
Short Story 1986 Salvage
0%
Short Story 1979 Sandmagic
0%
Short Story 1990 Saving Grace
0%
Short Story 1979 Second Chance
0%
Play 2004 Sepulchre of Songs
0%
Video Game 2009 Shadow Complex
0%
Novel TBA Shadows Alive
0%
Novel 2012 Shadows in Flight
0%
Comic Book 2007 Shelter
0%
Poem 2004 Short-Lived Creatures
0%
Short Story 1979 Skipping Stones
0%
Poem 2004 Slight Bread
0%
Short Story 2008 Space Boy
0%
Short Story 1990 St. Amy's Tale
0%
Short Story 2008 Stonefather
0%
Play 1971 Stone Tables
0%
Novel 1997 Stone Tables
0%
Play 2007 Taming of the Shrew
0%
Short Story 2003 Teacher's Pest
0%
Novel 1989 The Abyss
0%
Play 1970 The Apostate
0%
Short Story 1983 The Best Day
0%
Short Story 1990 The Best Family Home Evening Ever
0%
Short Story 1987 The Bully and the Beast
0%
Short Story Collection 1992 The Changed Man
0%
Short Story 1990 The Changed Man and the King of Words
0%
Video Game 1995 The Dig
0%
Short Story 2008 The Elephants of Poznan
0%
Short Story 1985 The Fringe
0%
Novel 2013 The Gate Thief
0%
Short Story 2007 The Gold Bug
0%
Children's Book 2000 The Great Snape Debate
0%
Novel 2019 The Hive
0%
Novel 2021 The Last Shadow
0%
Novel 2011 The Lost Gate
0%
Poem 2004 The Man Who Came Back from the Lunar Colony
0%
Short Story 1980 The Monkeys Thought 'Twas All in Fun
0%
Short Story 1989 The Originist
0%
Short Story 2002 The Polish Boy
0%
Short Story 1980 The Porcelain Salamander
0%
Short Story 1987 The Princess and the Bear
0%
Novel TBA The Queens
0%
Video Game 1990 The Secret of Monkey Island
0%
Novel TBA The Sons of Rachel
0%
Novel 2007 The Space Boy
0%
Short Story 1978 The Stars That Blink
0%
Novel 2016 The Swarm
0%
Short Story 1980 The Tinker
0%
Novel TBA The Wives of Israel
0%
Short Story 2003 The Yazoo Queen
0%
Poem 2004 This Is the Poem I Made Then
0%
Poem 2004 Thou Whose Hand Is Ever Light
0%
Poem 2004 Tin Men
0%
Poem 2004 To Alice, Recently of Wonderland
0%
Poem 2004 To One Not Poisoned Yet
0%
Novel 1988 Treason
0%
Novel 1990 Tunesmith
0%
Comic Book Mini-Series 2005 Ultimate Iron Man
0%
Short Story 1980 Unaccompanied Sonata
0%
Film TBA Unaccompanied Sonata
0%
Short Story Collection 1980 Unaccompanied Sonata and Other Stories
0%
Column ???? Uncle Orson Reviews Everything
0%
Poem 2004 Unremarkable They Grow
0%
Short Story 2008 Vessel
0%
Novel 2014 Visitors
0%
Poem 2004 Walking on Water
0%
Poem 2004 Warning to a Long-Haired Woman
0%
Short Story 2008 Waterbaby
0%
Short Story Collection 2001 Waterby
0%
Short Story 1987 West
0%
Poem 2004 When
0%
Short Story 1978 When No One Remembers His Name, Does God Retire?
0%
Column ???? Windows Made Me This Way
0%
Play 1982 Wings
0%
Poem 2004 Winter of Wishes
0%
Poem 2004 Worlds Might Stumble
0%
Short Story 1990 Worthing Farm
0%
Short Story 1990 Worthing Inn
0%
Short Story 2008 Worthy to Be One of Us
0%
Novel 1987 Wyrms
0%
Comic Book Mini-Series 2006 Wyrms
0%
No matching quizzes found
Score Distribution
Percent of People with Each Score
Percentile by Number Answered
Your Score History
You have not taken this quiz since the last reset